000 00303nam a2200121Ia 4500
005 20251222140028.0
008 251222s1900||||xx |||||||||||||| ||spa||
082 _a210.2/F84/T.III
100 _aFries, Heinrich
245 0 _aConceptos Fundamentales de la TeologĂ­a
264 _bCristiandad
942 _cLIB
999 _c2876
_d2876